Music Quiz

Random Music or Kpop Quiz
Score 0/100 Timer 20:00
0 Plays Today
% Correct
Really Really
91%
Cherry Bomb
90.3%
Peek A Boo
86.8%
Heart Shaker
84.7%
Clap
84.7%
Gashina
84%
Red Flavor
83.3%
Holiday
83.3%
Power
82.6%
Move
82.6%
Likey
82.6%
As If It's Your Last
82.6%
Not Today
81.9%
Ko Ko Bop
81.9%
Black Suit
81.9%
DDD
80.6%
Beautiful
79.9%
Signal
79.9%
Island
79.9%
Palette
79.2%
Plz Don't Be Sad
77.8%
Limitless
77.1%
DNA
77.1%
Goodbye
76.4%
You In Me
75.7%
Shangri La
75%
Excuse Me
74.3%
Don't Recall
74.3%
Beautiful
72.9%
Lonely
72.2%
Love Me Love Me
72.2%
All Night
71.5%
Hellevator
71.5%
Dinosaur
70.8%
% Correct
Trauma
70.8%
Yes I Am
70.8%
Lonely
70.1%
Movie
69.4%
Rain
68.8%
O Sole Mio
68.8%
I'll Be Yours
67.4%
Why Don't You Know
66.7%
Yesterday
66.7%
Universe
66%
We Young
66%
My first and last
65.3%
Teenager
63.2%
Summer Rain
62.5%
I Wait
62.5%
Hands Up
61.1%
Where You At
60.4%
Rollin
59%
Missing You
58.3%
Rain
56.3%
Whisper
56.3%
One More Chance
55.6%
Jelly
55.6%
Darling
54.2%
The Real
52.1%
Camo
51.4%
Dance Dance
47.9%
Anti
45.8%
Sun, Moon, Star
45.8%
How Can I Say
45.1%
Eclipse
45.1%
You Were Beautiful
43.8%
Want You To Say
42.4%
Thirsty
41%
% Correct
Take You Home
40.3%
Young & Free
40.3%
I Like You
36.1%
WoW
34%
What Can I Do
34%
Just U
33.3%
All Alone
32.6%
Love Cherry Motion
31.3%
Juliette
29.9%
Kiss On The Lips
29.2%
Girl Front
27.1%
When you love someone
27.1%
The Best Present
26.4%
I'm Serious
25.7%
You, Clouds, Rain
25%
What You Like
25%
Don't Know You
25%
She's Mine
24.3%
Day And Night
21.5%
Curtain
19.4%
Snow
19.4%
Your Wedding
18.1%
Paper Umbrella
16%
Star Blossom
16%
Home Is Far Away
15.3%
Take My Hand
15.3%
La La La
11.8%
Sad Song
11.1%
No Shadow
9%
Nonfiction
9%
A Moving Day
6.9%
Let Me Love You
4.9%
Remove Ads.
Support Sporcle.
Get the best of Sporcle when you Go Orange. This ad-free experience offers more features, more stats, and more fun while also helping to support Sporcle. Thank you for becoming a member.

You're not logged in!

Compare scores with friends on all Sporcle quizzes.
OR
Log In

Show Comments

Extras

Created Jan 5, 2018ReportNominate
Tags:Kpop Quiz, Song Quiz, 2017, Favorite

Top Quizzes Today


Score Distribution

Your Account Isn't Verified!

In order to create a playlist on Sporcle, you need to verify the email address you used during registration. Go to your Sporcle Settings to finish the process.

Report this User

Report this user for behavior that violates our Community Guidelines.

Details: